<?xml version="1.0" encoding="UTF-8"?><?xml-stylesheet type="text/xsl" href="static/style.xsl"?><OAI-PMH xmlns="http://www.openarchives.org/OAI/2.0/" xmlns:xsi="http://www.w3.org/2001/XMLSchema-instance" xsi:schemaLocation="http://www.openarchives.org/OAI/2.0/ http://www.openarchives.org/OAI/2.0/OAI-PMH.xsd"><responseDate>2026-04-17T02:55:37Z</responseDate><request verb="GetRecord" identifier="oai:www.recercat.cat:2445/222566" metadataPrefix="marc">https://recercat.cat/oai/request</request><GetRecord><record><header><identifier>oai:recercat.cat:2445/222566</identifier><datestamp>2025-12-10T00:30:49Z</datestamp><setSpec>com_2072_1057</setSpec><setSpec>col_2072_478819</setSpec><setSpec>col_2072_478917</setSpec></header><metadata><record xmlns="http://www.loc.gov/MARC21/slim" xmlns:dcterms="http://purl.org/dc/terms/" xmlns:xsi="http://www.w3.org/2001/XMLSchema-instance" xmlns:doc="http://www.lyncode.com/xoai" xsi:schemaLocation="http://www.loc.gov/MARC21/slim http://www.loc.gov/standards/marcxml/schema/MARC21slim.xsd">
   <leader>00925njm 22002777a 4500</leader>
   <datafield ind2=" " ind1=" " tag="042">
      <subfield code="a">dc</subfield>
   </datafield>
   <datafield ind2=" " ind1=" " tag="720">
      <subfield code="a">Polanco Martínez, Fernando</subfield>
      <subfield code="e">author</subfield>
   </datafield>
   <datafield ind2=" " ind1=" " tag="260">
      <subfield code="c">2025-07-24T16:16:43Z</subfield>
   </datafield>
   <datafield ind2=" " ind1=" " tag="260">
      <subfield code="c">2025-07-24T16:16:43Z</subfield>
   </datafield>
   <datafield ind2=" " ind1=" " tag="260">
      <subfield code="c">2018-01-01</subfield>
   </datafield>
   <datafield ind2=" " ind1=" " tag="260">
      <subfield code="c">2025-07-24T16:16:43Z</subfield>
   </datafield>
   <datafield ind2=" " ind1=" " tag="520">
      <subfield code="a">Uno de los principales inconvenientes que plantea el estudio de los llamados marcadores interjectivos o interjecciones discursivas es su marcado carácter polifuncional. La variación funcional de elementos como bueno, oye, mira, venga, vamos o vaya, debida fundamentalmente a un proceso de extensión semántico-funcional, implica cambios en su manera de significar y de funcionar que suelen alterar sus características morfológicas, prosódicas y estructurales originales, lo cual dificulta notablemente su caracterización categorial, funcional y semántica. En este trabajo, aplicamos un modelo dinámico de categorización a dos de estos elementos, vamos y vaya, para tratar de mostrar que estas unidades discursivas presentan rasgos formales, semánticos y pragmático-discursivos que permiten establecer (i) dos áreas gramático-funcionales delimitadas y fácilmente reconocibles, la interjectiva y la conectiva, asociadas a sendos ámbitos de actuación: el textual o metadiscursivo y el modal o interactivo; y (ii) un área fronteriza en la que se produce una intersección de características formales y funcionales de los ámbitos textual y modal: el uso de estos elementos como operadores de refuerzo ilocutivo-argumentativo.</subfield>
   </datafield>
   <datafield tag="653" ind2=" " ind1=" ">
      <subfield code="a">Interjeccions</subfield>
   </datafield>
   <datafield tag="653" ind2=" " ind1=" ">
      <subfield code="a">Anàlisi del discurs</subfield>
   </datafield>
   <datafield tag="653" ind2=" " ind1=" ">
      <subfield code="a">Interjections</subfield>
   </datafield>
   <datafield tag="653" ind2=" " ind1=" ">
      <subfield code="a">Discourse analysis</subfield>
   </datafield>
   <datafield ind2="0" ind1="0" tag="245">
      <subfield code="a">'Mira, bueno, no es una maravilla... vaya, no está mal; vamos, que está bien'. La categorización de las llamadas 'interjecciones discursivas'</subfield>
   </datafield>
</record></metadata></record></GetRecord></OAI-PMH>